000 02973nam0a2200409 4500
001 RU\NLR\BIBL_A\022362549
005 20260420020335.0
010 _a978-5-8307-0724-4
_9100
021 _aRU
_bКН-П-24-054296
_9КН-П-24-5411
035 _a(NLR Aleph) 022362549
090 _a13668279
_c13668279
100 _a20241024d2023 k y0rusy50 ca
101 0 _arus
_deng
102 _aRU
105 _aa|||z|||110yy
181 0 _ai3
_baxxe
182 0 _an
200 1 _aТенденции и перспективы развития естественно-научных исследований в современных условиях
_eматериалы II Международной научно-практической конференции, посвященной 30-летнему юбилею естественно-географического факультета, 15 декабря 2023 г., г. Карачаевск
_fМинистерство науки и высшего образования Российской Федерации, Карачаево-Черкесский государственный университет имени У. Д. Алиева
_gредакционная коллегия: Чомаева М. Н. (ответственный редактор) [и др.]
203 _aТекст
_bвизуальный
_cнепосредственный
210 _aКарачаевск
_cИзд-во Карачаево-Черкесского государственного университета имени У. Д. Алиева
_d2023
215 _a266 с.
_cил., табл.
_d29
225 1 _aДесятилетие науки и технологий, 22-31
300 _aРез. англ.
320 _aБиблиогр. в конце ст.
606 1 _aЕстественно-научные исследования
_jСъезды, совещания и т.п
_92226207
_3RU\NLR\AUTH\661336426
606 1 _aЕстественные науки
_jСъезды, совещания и т.п
_xПреподавание
_92165070
_3RU\NLR\AUTH\661302764
686 1 _aЧ426.23я431
686 1 _aБ.я431(0)
686 1 _aЧ486.23я431
702 1 _aЧомаева
_bМ. Н.
_gМадина Назировна
_4340
711 1 2 _a"Тенденции и перспективы развития естественно-научных исследований в современных условиях", международная научно-практическая конференция
_d2
_eКарачаевск
_f2023
_92643725
_3RU\NLR\AUTH\880617608
712 0 2 _4475
_aКарачаево-Черкесский государственный университет им. У. Д. Алиева
_cКарачаевск
_9594102
_3RU\NLR\AUTH\8810047154
942 _cBOOK
980 _aNB